Construction materials, methods, and techniques : building for a sustainable future.

Bibliographic Details
Main Authors: Kultermann, Eva (Author), Spence, William P. (William Perkins), 1925-2016 (Author)
Format: Book
Language:English
Published: Boston : Cengage, [2022]
Edition:Fifth edition /
Subjects:

MARC

Tag First Indicator Second Indicator Subfields
LEADER 00000cam a2200000 i 4500
001 in00004439430
005 20211222090207.0
008 210309t20222022mauab b 001 0 eng d
020 |a 9780357513835  |q hardcover 
020 |a 0357513835  |q hardcover 
035 |a (OCoLC)on1242819851 
040 |a YDX  |e rda  |c YDX  |d COO  |d BDX  |d TXA  |d UtOrBLW 
049 |a TXAM 
082 0 |a 690  |2 23 
090 |a TH145  |b .S627 2022 
100 1 |a Kultermann, Eva,  |e author.  |0 http://id.loc.gov/authorities/names/no2010059472 
245 1 0 |a Construction materials, methods, and techniques :  |b building for a sustainable future. 
250 |a Fifth edition /  |b Eva Kultermann, William P. Spence. 
264 1 |a Boston :  |b Cengage,  |c [2022] 
264 4 |c ©2022 
300 |a xxiv, 888 pages :  |b color illustrations, color maps ;  |c 29 cm. 
336 |a text  |b txt  |2 rdacontent 
337 |a unmediated  |b n  |2 rdamedia 
338 |a volume  |b nc  |2 rdacarrier 
504 |a Includes bibliographical references and index. 
541 0 |a Silver Taps, in memory of Devin Joe Sebastian, November 12, 2021. 
650 0 |a Building.  |0 http://id.loc.gov/authorities/subjects/sh85017693 
650 0 |a Building materials.  |0 http://id.loc.gov/authorities/subjects/sh85017740 
650 0 |a Sustainable construction.  |0 http://id.loc.gov/authorities/subjects/sh2009003365 
700 1 |a Spence, William P.  |q (William Perkins),  |d 1925-2016,  |e author.  |0 http://id.loc.gov/authorities/names/n79056354 
945 |a PromptCat 
948 |a cataloged  |b h  |c 2021/7/7  |d c  |e dmitchel  |f 2:20:20 pm 
994 |a C0  |b TXA 
999 f f |s cbfd1dea-d449-34bc-9305-25c9bf68e2e4  |i 9f035b54-a70b-3f4b-bfec-e8a65dac0507  |t 0 
952 f f |p normal  |a Texas A&M University  |b College Station  |c Sterling C. Evans Library  |d Evans: Library Stacks  |t 0  |e TH145 .S627 2022  |h Library of Congress classification  |i unmediated -- volume  |m A14851228677 
998 f f |a TH145 .S627 2022  |t 0  |l Evans: Library Stacks